Statistiche per Paesi che producono la maggior parte dei mirtilli

Clicka qui per fare il quiz!

Statistiche generali

  • Questo quiz è stato fatto 17 volte
  • Il punteggio medio è 15 su 20

Statistiche sulle risposte

100 tonnellatenazione% Corretto
17Italia
100%
2366Stati Uniti
100%
89Francia
94%
138Germania
94%
367Messico
94%
29Russia
94%
354Spagna
94%
1602Canada
88%
163Polonia
88%
98Portogallo
88%
3Svizzera
88%
69Australia
75%
87Paesi Bassi
75%
30Nuova Zelanda
69%
3Romania
56%
14Ucraina
56%
523Perù
50%
4Lettonia
44%
1Lituania
44%
7Uzbekistan
25%

Distribuzione punteggi

Percentile per numero di risposta

Percentuale di utenti per punteggio

I tuoi punteggi nel tempo

Non hai fatto questo quiz